=LDR 00000nam 2200000 4500 =001 INLIS000000000017128 =005 20130612112321 =008 ***********************************Ind** =035 ##$$0010-061300000017128 =041 ##$$a Ind =082 ##$$a 681.2 =090 ##$$a 681.2, Kus p =100 ##$$a Kustur, Raldi A =245 ##$$a Pengukuran teknik, 60 Soal dan jawab, Raldi A. Koestoer =260 ##$$a 2000 $b Yogyakarta =300 ##$$a xii, 88 hlm, ilus, 21 cm =650 ##$$a Pengukuran Teknik-Soal dan jawaban =850 ##$$a NBPNMAT